| 000 | 00937nem a2200301 a 4500 | ||
|---|---|---|---|
| 001 | 000108127 | ||
| 003 | CHAP | ||
| 005 | 20220329143959.0 | ||
| 008 | 131206s2001 sp ||||||||| |r|||||spa d | ||
| 010 | _a104589 | ||
| 011 | _a105561 | ||
| 020 | _a8497060156 | ||
| 040 | _cCHAP | ||
| 082 | 1 | 4 |
_a616.8906 _bG94 |
| 245 | 0 | 0 |
_aGuía clínca para el tratamiento del trastorno bipolar / _cpor American Psychiatric Association. |
| 260 |
_aBarcelona : _bPsiquiatría Editores, _c2001. |
||
| 300 | _a88 p. | ||
| 490 | _aGuías clínicas | ||
| 534 |
_aTit. Original _tPractice Guideline for Treatment of Patients With Bipolar Disorder |
||
| 590 |
_aE11695DGD _b10 _c20131206 _lUCH01 _h1405 |
||
| 590 |
_aE5765TAJ _b05 _c20131206 _lUCH01 _h1109 |
||
| 650 | 1 | 4 |
_aEnfermedades mentales. _936938 |
| 650 | 1 | 4 |
_aTrastorno bipolar. _9124912 |
| 710 | 1 |
_aAmerican Psychiatric Association _9124960 |
|
| 901 | _aMP | ||
| 942 | _cLIBRO | ||
| 942 | _n0 | ||
| 999 |
_c104589 _d104589 |
||